[Event "Florianopolis op 10th"]
[Site "Florianopolis"]
[Date "2024.01.26"]
[Round "8"]
[White "Soares, Joao Carlos TC"]
[Black "Piccoli, Lucas Fonseca"]
[Result "1/2-1/2"]
[WhiteElo "1983"]
[BlackElo "2263"]
[PlyCount "53"]
[EventDate "2024.01.20"]
[EventType "swiss"]
[EventRounds "10"]
[EventCountry "BRA"]
[SourceTitle "CB05_2024"]
[SourceDate "2024.01.31"]
[SourceVersion "1"]
[SourceVersionDate "2024.01.31"]
[SourceQuality "1"]

1. d4 Nf6 2. c4 e6 3. Nf3 Bb4+ 4. Bd2 Bxd2+ 5. Nbxd2 d6 6. g3 b6 7. Bg2 Bb7 8. 0-0 0-0 9. Qc2 c5 10. e4 cxd4 11. Nxd4 Nc6 12. Nxc6 Bxc6 13. Rfd1 Qc7 14. Nf1 Qb7 15. Re1 Rac8 16. Rad1 Rfd8 17. Qb1 b5 18. cxb5 Qxb5 19. Ne3 d5 20. exd5 Nxd5 21. Nxd5 Bxd5 22. Bxd5 Rxd5 23. Rxd5 Qxd5 24. Rd1 Qc6 25. Qd3 h5 26. h4 a5 27. Qd2 1/2-1/2

[Event "Florianopolis op 10th"]
[Site "Florianopolis"]
[Date "2024.01.21"]
[Round "2"]
[White "Da Silva De Sena, Jefferson Ryan F"]
[Black "Piccoli, Lucas Fonseca"]
[Result "0-1"]
[WhiteElo "1867"]
[BlackElo "2263"]
[PlyCount "88"]
[EventDate "2024.01.20"]
[EventType "swiss"]
[EventRounds "10"]
[EventCountry "BRA"]
[SourceTitle "CB05_2024"]
[SourceDate "2024.01.31"]
[SourceVersion "1"]
[SourceVersionDate "2024.01.31"]
[SourceQuality "1"]

1. c4 e6 2. g3 d5 3. Bg2 d4 4. d3 Nf6 5. Nd2 e5 6. b4 a5 7. Qa4+ Bd7 8. b5 Na6 9. Qd1 Nc5 10. a4 c6 11. Ba3 Rc8 12. Ngf3 Qc7 13. 0-0 Be7 14. e3 dxe3 15. fxe3 Nxd3 16. Bxe7 Kxe7 17. Ra3 Nc5 18. Qa1 Rhe8 19. Nxe5 Kf8 20. Nxd7+ Qxd7 21. Nf3 Qe7 22. Nd4 Nce4 23. Nf5 Qe5 24. Qxe5 Rxe5 25. Rd3 Nc5 26. Ra3 cxb5 27. axb5 b6 28. Nd4 Rce8 29. Re1 Ng4 30. Nc2 f5 31. h3 Nf6 32. Nd4 g5 33. Bc6 Rd8 34. Bf3 Rd6 35. Re2 Re8 36. Kg2 Nfd7 37. Bd5 Ne5 38. Nf3 Ned3 39. Ne1 Nb4 40. Bf3 Rde6 41. Nc2 Nxc2 42. Rxc2 Rxe3 43. Raa2 Nd3 44. Re2 Ne1+ 0-1

[Event "Criciuma op-A"]
[Site "Criciuma"]
[Date "2024.01.17"]
[Round "8"]
[White "Perdomo, Leandro Daniel"]
[Black "Piccoli, Lucas Fonseca"]
[Result "1/2-1/2"]
[WhiteElo "2382"]
[BlackElo "2263"]
[PlyCount "51"]
[EventDate "2024.01.12"]
[EventType "swiss"]
[EventRounds "9"]
[EventCountry "BRA"]
[SourceTitle "CB04_2024"]
[SourceDate "2023.10.16"]
[SourceVersion "1"]
[SourceVersionDate "2023.10.16"]
[SourceQuality "1"]

1. d4 Nf6 2. c4 e6 3. Nc3 Bb4 4. Bd2 a5 5. Nf3 d5 6. e3 0-0 7. Rc1 b6 8. cxd5 exd5 9. Ne5 Bb7 10. Bd3 c5 11. 0-0 Na6 12. a3 Bxc3 13. bxc3 c4 14. Bc2 b5 15. Rb1 Nc7 16. a4 Ba6 17. f3 Nd7 18. f4 Nf6 19. Qf3 Qd6 20. g4 Rab8 21. axb5 Nxb5 22. g5 Ne4 23. Bxe4 dxe4 24. Qxe4 Bb7 25. Qf5 Bc8 26. Qe4 1/2-1/2

[Event "Pan American-ch U20"]
[Site "Vila Santa Cecilia"]
[Date "2023.11.10"]
[Round "7.7"]
[White "Silva, Kaua Marques"]
[Black "Piccoli, Lucas Fonseca"]
[Result "0-1"]
[WhiteElo "2235"]
[BlackElo "2225"]
[PlyCount "55"]
[EventDate "2023.11.06"]
[EventType "swiss"]
[EventRounds "9"]
[EventCountry "BRA"]
[SourceTitle "CB46_2023"]
[SourceDate "2023.11.15"]
[SourceVersion "1"]
[SourceVersionDate "2023.11.15"]
[SourceQuality "1"]

1. e4 c5 2. Nf3 Nc6 3. d4 cxd4 4. Nxd4 Nf6 5. Nc3 e5 6. Ndb5 d5 7. Bg5 a6 8. Na3 b5 9. Bxf6 gxf6 10. Nxd5 Bg7 11. c3 f5 12. Bd3 Ne7 13. Nxe7 Qxe7 14. exf5 e4 15. Be2 0-0 16. Nc2 Bxf5 17. 0-0 Bg6 18. a4 bxa4 19. Rxa4 a5 20. Bc4 Rab8 21. Ra2 Kh8 22. Re1 Be5 23. Ne3 f5 24. Nd5 Qg5 25. f4 exf3 26. Qxf3 Qh4 27. Rxe5 Qxc4 28. Qe3 0-1

[Event "Pan American-ch U20"]
[Site "Vila Santa Cecilia"]
[Date "2023.11.06"]
[Round "2.7"]
[White "Piccoli, Lucas Fonseca"]
[Black "Reyes Zavaleta, Fabian Ricardo"]
[Result "0-1"]
[WhiteElo "2225"]
[BlackElo "2122"]
[PlyCount "102"]
[EventDate "2023.11.06"]
[EventType "swiss"]
[EventRounds "9"]
[EventCountry "BRA"]
[SourceTitle "CB46_2023"]
[SourceDate "2023.11.15"]
[SourceVersion "1"]
[SourceVersionDate "2023.11.15"]
[SourceQuality "1"]

1. e4 c5 2. Nf3 d6 3. d4 cxd4 4. Nxd4 Nf6 5. Nc3 e6 6. Be2 a6 7. 0-0 Be7 8. f4 0-0 9. Be3 Nc6 10. Kh1 Qc7 11. Qe1 Nxd4 12. Bxd4 b5 13. a3 Bb7 14. Qg3 Bc6 15. Rae1 Rab8 16. e5 Ne8 17. Bd3 b4 18. Nd1 bxa3 19. bxa3 Bb5 20. Nf2 Bxd3 21. cxd3 dxe5 22. Bxe5 Bd6 23. Ne4 f6 24. Rc1 Qe7 25. Ba1 Bxa3 26. Rc6 Nd6 27. Nxf6+ Rxf6 28. Bxf6 Qxf6 29. Rxa6 Bc5 30. Rc6 Nf5 31. Qe1 Rb1 32. Rc8+ Kf7 33. Rc7+ Ke8 34. Rxc5 Rxe1 35. Rxe1 Kd7 36. Rce5 Qh6 37. d4 Nxd4 38. R5e4 Nf5 39. Ra4 Ne7 40. Ra7+ Ke8 41. h3 Qf6 42. Re4 Kf7 43. Ra6 Nd5 44. Ra7+ Kg6 45. Ra6 Nxf4 46. g3 Qf5 47. Rxf4 Qxh3+ 48. Kg1 Qxg3+ 49. Kh1 Qxf4 50. Rxe6+ Kf5 51. Re2 Qf1+ 0-1

[Event "Niteroi op 3rd"]
[Site "Niteroi"]
[Date "2023.09.09"]
[Round "8"]
[White "Piccoli, Lucas Fonseca"]
[Black "De Siqueira, Luigy Lira"]
[Result "1-0"]
[WhiteElo "2220"]
[BlackElo "2099"]
[PlyCount "69"]
[EventDate "2023.09.04"]
[EventType "swiss"]
[EventRounds "9"]
[EventCountry "BRA"]
[SourceTitle "EXT 2024"]
[Source "ChessBase"]
[SourceDate "2023.10.10"]
[SourceVersion "1"]
[SourceVersionDate "2023.10.10"]
[SourceQuality "1"]

1. c4 e6 2. Nf3 d5 3. b3 Nf6 4. g3 dxc4 5. bxc4 b6 6. Bg2 Bb7 7. 0-0 Be7 8. Bb2 0-0 9. d3 c5 10. Na3 Nfd7 11. e4 Nc6 12. Qe2 Qc7 13. Rfe1 Nde5 14. Nxe5 Nxe5 15. f4 Nd7 16. Nb5 Qd8 17. Qg4 g6 18. Qe2 Nb8 19. f5 Nc6 20. fxe6 fxe6 21. e5 a6 22. Nd6 Bxd6 23. exd6 Qxd6 24. Qxe6+ Qxe6 25. Rxe6 Nd4 26. Bxd4 Bxg2 27. Kxg2 cxd4 28. a4 b5 29. axb5 axb5 30. Rxa8 Rxa8 31. cxb5 Ra3 32. b6 Kf7 33. b7 Rb3 34. Rd6 Rxb7 35. Rxd4 1-0

[Event "Caioba op 7th"]
[Site "Caioba"]
[Date "2023.06.19"]
[Round "3"]
[White "Di Berardino, Diego Rafael"]
[Black "Piccoli, Lucas Fonseca"]
[Result "1/2-1/2"]
[WhiteElo "2484"]
[BlackElo "2221"]
[PlyCount "51"]
[EventDate "2023.06.18"]
[EventType "swiss"]
[EventRounds "9"]
[EventCountry "BRA"]
[SourceTitle "CBM 214 Extra"]
[Source "ChessBase"]
[SourceDate "2023.07.31"]
[SourceVersion "1"]
[SourceVersionDate "2023.07.31"]
[SourceQuality "1"]

1. d4 Nf6 2. c4 e6 3. Nf3 Bb4+ 4. Bd2 Bxd2+ 5. Qxd2 0-0 6. Nc3 d5 7. e3 Qe7 8. Rc1 Rd8 9. Qc2 dxc4 10. Bxc4 c5 11. 0-0 cxd4 12. Nxd4 Bd7 13. Qb3 Be8 14. Bb5 Nbd7 15. Be2 Ne5 16. Ncb5 Nd5 17. a3 a6 18. Nc3 Nc6 19. Nf3 Nxc3 20. Rxc3 Rd6 21. Rd3 Rad8 22. Rfd1 Rxd3 23. Rxd3 Rxd3 24. Bxd3 h6 25. h3 Qc7 26. Qc3 1/2-1/2

[Event "Criciuma op"]
[Site "Criciuma"]
[Date "2023.01.18"]
[Round "8"]
[White "Rodi, Luis Ernesto"]
[Black "Piccoli, Lucas Fonseca"]
[Result "1/2-1/2"]
[WhiteElo "2295"]
[BlackElo "2148"]
[PlyCount "92"]
[EventDate "2023.01.13"]
[EventType "swiss"]
[EventRounds "9"]
[EventCountry "BRA"]
[SourceTitle "CBM 212 Extra"]
[Source "ChessBase"]
[SourceDate "2023.03.31"]
[SourceVersion "1"]
[SourceVersionDate "2023.03.31"]
[SourceQuality "1"]

1. e4 c5 2. Nf3 Nc6 3. Bb5 g6 4. 0-0 Bg7 5. c3 Nf6 6. Re1 0-0 7. d4 cxd4 8. cxd4 d5 9. e5 Ne4 10. Bxc6 bxc6 11. Nc3 Nxc3 12. bxc3 Bf5 13. Qa4 Qd7 14. Ba3 Rfe8 15. Nd2 f6 16. Nb3 fxe5 17. dxe5 Qc7 18. Qd4 Be4 19. f4 Rf8 20. Bc1 Qc8 21. Nc5 Bf5 22. Be3 Rb8 23. Qd2 e6 24. h3 h5 25. Qe2 h4 26. Qf2 Qd8 27. Bd4 Bh6 28. Be3 Rf7 29. Kh1 Bf8 30. Nb3 Be4 31. Nd4 Qd7 32. Qxh4 c5 33. Nb3 Qc6 34. Qg3 Be7 35. Nd2 Bf5 36. Qf3 Rb2 37. Re2 Bd3 38. Rf2 Bh4 39. Rff1 Qb5 40. Qg4 Rxd2 41. Bxd2 Bxf1 42. Qxg6+ Rg7 43. Qxe6+ Kh7 44. Qf5+ Kg8 45. Qe6+ Kh7 46. Qf5+ Kg8 1/2-1/2

[Event "Natal zt 2.4"]
[Site "Natal"]
[Date "2022.10.04"]
[Round "2"]
[White "Fier, Alexandr"]
[Black "Piccoli, Lucas Fonseca"]
[Result "1-0"]
[WhiteElo "2592"]
[BlackElo "2177"]
[PlyCount "61"]
[EventDate "2022.10.03"]
[EventType "swiss"]
[EventRounds "9"]
[EventCountry "BRA"]
[SourceTitle "EXT 2024"]
[Source "ChessBase"]
[SourceDate "2023.10.10"]
[SourceVersion "1"]
[SourceVersionDate "2023.10.10"]
[SourceQuality "1"]

1. e4 c6 2. d4 d5 3. e5 c5 4. dxc5 e6 5. a3 Bxc5 6. Qg4 Ne7 7. Nf3 Ng6 8. Bd3 Nc6 9. 0-0 0-0 10. Qh5 f6 11. exf6 Rxf6 12. Bg5 Nce7 13. Bxf6 gxf6 14. c4 e5 15. Nc3 dxc4 16. Bxc4+ Kg7 17. Ne4 b5 18. Bb3 Bb6 19. Rfd1 Qf8 20. g3 Nf5 21. Rac1 Nd4 22. Nxd4 exd4 23. Rc6 Bb7 24. Rxf6 Bxe4 25. Rxf8 Rxf8 26. Re1 Bf3 27. Re7+ Nxe7 28. Qe5+ Kg6 29. Qxe7 Rf6 30. Bc2+ Kg5 31. h4+ 1-0

[Event "Natal zt 2.4"]
[Site "Natal"]
[Date "2022.10.04"]
[Round "3"]
[White "Piccoli, Lucas Fonseca"]
[Black "Do Nascimento, Davi Alves"]
[Result "0-1"]
[WhiteElo "2177"]
[BlackElo "1922"]
[PlyCount "150"]
[EventDate "2022.10.03"]
[EventType "swiss"]
[EventRounds "9"]
[EventCountry "BRA"]
[SourceTitle "EXT 2024"]
[Source "ChessBase"]
[SourceDate "2023.10.10"]
[SourceVersion "1"]
[SourceVersionDate "2023.10.10"]
[SourceQuality "1"]

1. e4 e5 2. Nf3 Nc6 3. Bc4 Nf6 4. d3 Bc5 5. c3 d6 6. 0-0 0-0 7. Re1 Be6 8. Bxe6 fxe6 9. b4 Bb6 10. a4 Ng4 11. Ra2 a6 12. h3 Nxf2 13. Rxf2 Bxf2+ 14. Kxf2 Qh4+ 15. Ke2 Qg3 16. Rg1 Rxf3 17. gxf3 Qh2+ 18. Kf1 Rf8 19. Nd2 Qxh3+ 20. Kf2 Qh4+ 21. Rg3 Qh2+ 22. Rg2 Qh4+ 23. Ke2 Ne7 24. Qe1 Qf6 25. Kd1 Ng6 26. Kc2 b5 27. a5 c5 28. Ba3 Nf4 29. Rg1 Rc8 30. Qe3 Qd8 31. bxc5 dxc5 32. Bxc5 Qxa5 33. Rb1 Qa2+ 34. Rb2 Qa4+ 35. Nb3 b4 36. c4 Rd8 37. d4 a5 38. Kb1 Qc6 39. Nxa5 Qc7 40. Nb3 exd4 41. Qd2 e5 42. Ra2 Rb8 43. Ra7 Qc6 44. Qa2 Qg6 45. Ra8 Qg1+ 46. Nc1 Rxa8 47. Qxa8+ Kf7 48. Qf8+ Kg6 49. Qd6+ Kf7 50. Qf8+ Kg6 51. Qf5+ Kh6 52. Bxb4 d3 53. Qxe5 g5 54. Qf6+ Kh5 55. Qf7+ Kh4 56. Qxh7+ Kg3 57. Qf5 Kxf3 58. e5 Qd1 59. Qd7 Qc2+ 60. Ka1 Qxc1+ 61. Ka2 Qxc4+ 62. Ka3 Qa6+ 63. Kb2 Qb6 64. Qd6 Qxd6 65. exd6 Ke2 66. d7 Ne6 67. Kb3 g4 68. Kc4 g3 69. Kd5 Nd8 70. Ba5 g2 71. Bxd8 g1Q 72. Bf6 d2 73. d8Q d1Q+ 74. Ke6 Qxd8 75. Bxd8 Kd3 0-1

[Event "Niteroi op 2nd"]
[Site "Niteroi"]
[Date "2022.09.05"]
[Round "7"]
[White "Barbosa, Evandro Amorim"]
[Black "Piccoli, Lucas Fonseca"]
[Result "1/2-1/2"]
[WhiteElo "2481"]
[BlackElo "2156"]
[PlyCount "144"]
[EventDate "2022.09.01"]
[EventType "swiss"]
[EventRounds "9"]
[EventCountry "BRA"]
[SourceTitle "CBM 210 Extra"]
[Source "ChessBase"]
[SourceDate "2022.11.30"]
[SourceVersion "1"]
[SourceVersionDate "2022.11.30"]
[SourceQuality "1"]

1. e4 c6 2. d4 d5 3. Nc3 dxe4 4. Nxe4 Nf6 5. Nxf6+ exf6 6. Be3 Bd6 7. Bd3 0-0 8. Ne2 Re8 9. 0-0 Bg4 10. Qd2 Bh5 11. Nf4 Bg6 12. Nxg6 hxg6 13. Rfe1 Nd7 14. c4 f5 15. c5 Be7 16. Qb4 b6 17. Ba6 Qc7 18. Rec1 Nf6 19. Bd2 Nd5 20. Qc4 bxc5 21. dxc5 Bf6 22. Rab1 Re4 23. Qc2 Be5 24. g3 Bd4 25. Bd3 Rg4 26. Kg2 f4 27. Qd1 Nf6 28. Qf3 fxg3 29. hxg3 Be5 30. Rc4 Rd4 31. Rxd4 Bxd4 32. b4 Rd8 33. Rd1 Rd5 34. Bf4 Be5 35. Be3 Bc3 36. a3 a5 37. bxa5 Bxa5 38. Bc2 Rh5 39. Rh1 Rd5 40. Rh4 Bd2 41. Be4 Nxe4 42. Qxe4 Re5 43. Qa4 Rd5 44. Bxd2 Rxd2 45. Rd4 Rb2 46. Rd6 Rb5 47. Qd4 Rb8 48. Rd7 Qc8 49. Qd6 Qe8 50. Qxc6 Rc8 51. Qd6 Qe4+ 52. Kh2 Qf3 53. Rd8+ Kh7 54. Kg1 Rxd8 55. Qxd8 Qxa3 56. Qd5 Qa5 57. Kg2 f6 58. Qc4 f5 59. c6 Qc7 60. Qe6 f4 61. Qh3+ Kg8 62. Qd7 Qe5 63. c7 Qe4+ 64. Kh2 fxg3+ 65. Kxg3 Qe5+ 66. Kf3 Qc3+ 67. Ke4 Qc4+ 68. Ke5 Qc3+ 69. Kd6 Qd4+ 70. Kc6 Qa4+ 71. Kd6 Qd4+ 72. Ke6 Qe4+ 1/2-1/2